| 000 | 00861nam a2200229 a 4500 | ||
|---|---|---|---|
| 001 | 000946305 | ||
| 003 | AM-YeHGA | ||
| 005 | 20250617162616.0 | ||
| 008 | 130214s1949 ||||||||||||||||||||rus d | ||
| 040 | _aAM-YeHGA | ||
| 041 | 0 | _arus | |
| 100 | 1 | _aИофа, Л.Е. | |
| 245 | 1 | 0 |
_aСовременники Ломоносова И.К. Кирилов и В.Н. Татищев : _bГеографы первой половины XVIII в. / _cЛ.Е. Иофа . |
| 260 |
_aМосква : _bГос. изд-во геогр. лит, _c1949. |
||
| 300 | _a96 с. | ||
| 600 | 1 | 4 | _aКирилов, Иван Кирилович |
| 600 | 1 | 4 |
_aТатищев, Василий Никитич _d1686-1750 |
| 650 | 1 | 4 | _aВыдающиеся географи |
| 650 | 1 | 4 |
_aГеография _zРоссия |
| 650 | 1 | 4 | _aВыдающиеся ученые |
| 090 | _c496273 | ||
| 999 |
_c492894 _d492894 |
||